000 00491nam a2200193 a 4500
001 1768898038080
003 YourLibrary
005 20260120141624.0
008 260120s1989##################000#0#eng##
020 _a9780679721123
082 0 4 _a303.484
_bALI
100 1 _aAlinsky, Saul,
_eauthor.
245 1 0 _aReveille for Radicals :
260 _bVintage,
_c1989.
300 _a257 pages
650 0 _aPolitical Science.
942 _cENGLISH
040 _aYourLibrary
_beng
_cYourLibrary
999 _c608726
_d608726